000 00675nam a2200217Ia 4500
003 GCL
008 140319s9999 xx 000 0 ara d
040 _aGCL /
_cGCL
082 0 4 _aد
_b050
100 1 _aعبدالتواب يوسف
245 1 0 _aدليل الاباء الاذكياء فى تربية الابناء ( اقرا 459 ) /
_cعبدالتواب يوسف
300 _a146 ص
490 _aوثائق ونصوص
_v0
650 0 4 _aالاسرة
650 0 4 _aالعلاقات الاسرية
650 0 4 _aرعاية الطفل
650 0 4 _aتربية الاطفال
650 0 4 _aالاباء والابناء
650 0 4 _aالاباء
942 _2ddc
_cCF
999 _c27256
_d27256